Slovar´po partijnomu stroitel´stvu.

Uložené v:
Podrobná bibliografia
Hlavný autor: Švec, I.A
Médium: Kniha
Jazyk:Slovak
Vydané: 1987.
Tagy: Pridať tag
Žiadne tagy, Buďte prvý kto otaguje tento záznam!

MARC

LEADER 00000nam a22000004a 4500
001 000525942
005 20161031101253.0
008 161031s1987 xo e 000 0 slo d
040 |a SVKKK  |b slo  |c SVKKK  |e AACR2 
100 1 |a Švec, I.A. 
245 1 0 |a Slovar´po partijnomu stroitel´stvu. 
260 |c 1987. 
500 |a Záznam revízie 
910 |a svkkk 
998 |a BK 
090 |g SCKHL  |k Sklad Hlavná 10 prízemie  |a I.57434  |j 757509  |i 2720389893  |s Absenčne